| 000 | 00921nam a22002537a 4500 | ||
|---|---|---|---|
| 003 | BPGM | ||
| 008 | 260618e1996 mx ||||g |||| 001 0 spa d | ||
| 020 | _a968-7727-01-2 | ||
| 040 | _bspa | ||
| 041 |
_aspa _hspa |
||
| 082 | 0 | 4 |
_2972.0098 _aP35/X56 |
| 245 |
_aXI OI COLOQUIO PAME _bLOS PAMES DE SAN LUIS POTOSI Y QUERETARO |
||
| 250 |
_aPRIMERA EDICION _b1996 |
||
| 260 |
_aMEXICO _bCENTRO DE INVESTIGACION DE SAN LUIS POTOSI _c1996 |
||
| 300 |
_a170 paginas _b16 cm x 22.5 cm |
||
| 336 |
_2rdacontent _atexto _btxt |
||
| 337 |
_2rdamedia _asin mediación _bn |
||
| 338 |
_2rdacarrier _avolumen _bnc |
||
| 505 | _aes una compilación de estudios sobre la historia, cultura, lengua y situación social del pueblo pame, coordinada por Lydia Torre. | ||
| 650 | _2GEOGRAFÍA E HISTORIA | ||
| 650 | _2HISTORIA GENERAL DE AMÉRICA DEL NORTE | ||
| 650 | _2MESOAMÉRICA (AMÉRICA MEDIA) MÉXICO | ||
| 942 |
_2ddc _cCOLQ |
||
| 999 |
_c68629 _d68629 |
||